Trece pintores lectores.
Saved in:
| Hovedforfatter: | |
|---|---|
| Format: | Ukendt |
| Sprog: | engelsk |
| Udgivet: |
Ciudad Autónoma de Buenos Aires, Argentina:
Ripio,
2022.
|
| Fag: | |
| Tags: |
Tilføj Tag
Ingen Tags, Vær først til at tagge denne postø!
|
MARC
| LEADER | 00000 a2200000 4500 | ||
|---|---|---|---|
| 003 | CL-VaPUC | ||
| 005 | 20241015095402.0 | ||
| 008 | 240906t2022 ||||| |||| 00| 0 eng d | ||
| 999 | |c 444569 |d 444567 | ||
| 020 | |a 978-987-46999-7-8 | ||
| 040 | |c Pontificia Universidad Católica de Valparaíso | ||
| 082 | |2 22 |a 759.06 SER 2022 | ||
| 100 | |a Serra Bradford, Matías |9 891102 |e autor | ||
| 245 | |a Trece pintores lectores. | ||
| 260 | |a Ciudad Autónoma de Buenos Aires, Argentina: |b Ripio, |c 2022. | ||
| 300 | |a 169 páginas. | ||
| 583 | |k Yessy Díaz Vidal |c 20240906 | ||
| 650 | 0 | |9 265600 |a Pintura moderna |v Crítica e interpretación |y Siglo 20 | |
| 650 | 0 | |9 265963 |a Pintores |v Apreciación del arte |y Siglos 20-21 | |
| 942 | |2 ddc |c BK | ||
| 952 | |0 0 |1 0 |2 ddc |4 0 |6 759_060000000000000_SER_2022 |7 0 |8 A |9 596596 |a BIBART |b BIBART |d 2024-09-04 |e 135 |g 21000.00 |i 5662620 |l 1 |o 759.06 SER 2022 |p 5662620 |q 2024-12-20 |r 2025-03-13 |s 2024-10-23 |t 1 |v 21000.00 |w 2024-09-04 |y BK |k ART | ||